000 00821nam a2200265 i 4500
001 C2-0340761
003 PPAK
005 20180728142618.0
008 170208s2008 mauo|||| ||||| | eng d
020 _a9781422122778
040 _aPPAK
_beng
_cPPAK
_erda
082 0 4 _a650.13
_223
090 0 0 _a650.13
_bMAN
_dLCK
245 0 0 _aManaging up :
_bexpert solutions to everyday challenges
264 1 _aBoston, Massachusetts :
_bHarvard Business School Publishing ,
_c2008
300 _ax, 73 pages :
_bphotographs ;
_c18 cm
336 _2rdacontent
_atext
337 _2rdamedia
_aunmediated
338 _2rdacarrier
_avolume
490 1 _aPocket mentor series
500 _aIncludes bibliographical references (pages 65-73)
650 1 0 _aManaging your boss.
830 0 _aPocket mentor series
942 _ddc
_cB
999 _c137898
_d137898